| 000 | 00765nam a2200265Ia 4500 | ||
|---|---|---|---|
| 003 | OSt | ||
| 005 | 20220918212131.0 | ||
| 006 | a|||||r|||| 00| 0 | ||
| 007 | ta | ||
| 008 | 220917b |||||||| |||| 00| 0 eng d | ||
| 024 | _a127,359 | ||
| 037 | _cTextual | ||
| 040 |
_aARTS _cARTS _beng |
||
| 041 |
_2eng _aeng |
||
| 082 | _aX0U426:3:N7, L0-;1 | ||
| 100 |
_aJones K _990938 |
||
| 245 | 0 | _aEconomic impact of commonwealth immigration | |
| 260 |
_aCambridge _bCambridge University Press _c1970 |
||
| 300 |
_a177p _ccm. |
||
| 490 | _aNational institute of economic and social research | ||
| 650 | _aECONOMICS | ||
| 700 |
_a Smith A D _9122587 |
||
| 942 |
_hX0U426:3:N7, L0-;1 _cTEXL _2CC |
||
| 999 |
_c250501 _d250501 |
||